000 00744nam a22002297a 4500
999 _c14450
_d14450
003 AR-CdUCM
008 190423b ||||| |||| 00| 0 spa d
020 _a978-958-766-682-3
040 _aMUNICIPALIDAD PROVINCIAL DEL CUSCO
_cBIBLIOTECA MUNICIPAL DEL CUSCO
082 _aPI / 376.1 /
_bIG35
110 _aIgloo books
_933235
245 _aGranja fantástica /
260 _aBogota :
_bPanamericana,
_c2015.
300 _a8 paginas :
_bIlustraciones,
_c26 cm.
500 _atitulo original : Farm explorers
650 _aCuentos de granja
_933236
650 _aCuentos para niños (as)
_933191
650 _aAnimales de granja
_933237
700 _aMoure, Andrea (Traducción)
_933238
942 _2ddc
_cLIBROS
945 _awnts
_d2019-04-23